00612nam a2200169 a 450000100060000000300090000600800410001502000180005604000280007408200160010210000470011811000980016524500670026326000650033030000110039565000360040615937CO-ViMGA141112s2004 ck r 000 u spa d a9589589509681 aCO-ViMGAbspacCO-ViMGA04a361.2 S355f1 aMinisterio de trabajo y seguridad social,  aMemorias del seminario internacional sobre rehabilitación del minusvalido . Bogotá , 198510aFormación y trabajo : bCamino hacia la integración social aBogotá, cMinisterio de trabajo y seguridad social, c1985 a206.p.14aMINUSVALIDOS - SEGURIDAD SOCIAL